000 00400nam a22001457a 4500
003 OSt
005 20240506160321.0
008 240403b |||||||| |||| 00| 0 eng d
040 _cCentral Library MRSPTU
100 _aU.R Mediratta
245 _aGeneral English
_bSelf Approach to English Learning
260 _aNew Delhi
_bJiwan Publishing House (P) Ltd. India
300 _a640
942 _2ddc
_cBK
_n0
999 _c9972
_d9972